000 00472nam a2200145 a 4500
008 120416s1996 ||||||||||||||||| || u
020 _a0340645962
050 _aQA 300 Kop
100 _aKopp, P. E
245 1 0 _aAnalysis
260 _aLondon:
_bArnold
_c1996
350 _a0.00
650 _aMATHEMATICAL ANALYSIS
995 _D0.00
_FCBU-MAIN LIBRARY (Kitwe)
_H1
_I12.95
_M1
_UAVAILABLE
_ZMain Library Open Access Collection
999 _c34195
_d34195